El papel de la sociedad civil en el proceso de concertación de Honduras /

保存先:
書誌詳細
第一著者: Arita Valdivieso, Carlos
フォーマット: テキスト
タグ: タグ追加
タグなし, このレコードへの初めてのタグを付けませんか!

MARC

LEADER 00000 a a2200000 04500
001 43991
003
040
100 |a Arita Valdivieso, Carlos  
245 |a El papel de la sociedad civil en el proceso de concertación de Honduras /  |c Carlos Arita Valdivieso  
773 |g páginas 209-239  
999 |c 34579  |d 34579